[Event "CZE-chT2E 2122"]
[Site "Czech Republic"]
[Date "2022.02.27"]
[Round "9.5"]
[White "Habina, Martin"]
[Black "Horsak, Jan"]
[Result "1/2-1/2"]
[WhiteElo "2012"]
[BlackElo "2060"]
[PlyCount "32"]
[EventDate "2021.10.17"]
[EventType "team-tourn"]
[EventRounds "11"]
[EventCountry "CZE"]
[SourceTitle "EXT 2024"]
[Source "ChessBase"]
[SourceDate "2023.10.10"]
[SourceVersion "1"]
[SourceVersionDate "2023.10.10"]
[SourceQuality "1"]
[WhiteTeam "Kurim"]
[BlackTeam "Stare Mesto II"]
[WhiteTeamCountry "CZE"]
[BlackTeamCountry "CZE"]

1. e4 d6 2. d4 Nf6 3. Nc3 g6 4. Bg5 Bg7 5. Qd2 c6 6. Bd3 Nbd7 7. Bh6 Bxh6 8. Qxh6 Qa5 9. f4 b5 10. Nf3 b4 11. Ne2 b3+ 12. c3 Ba6 13. Bxa6 Qxa6 14. Nd2 Rb8 15. Nc1 Nb6 16. Qh3 d5 1/2-1/2

[Event "CZE-chT2E 2122"]
[Site "Czech Republic"]
[Date "2021.12.19"]
[Round "5.6"]
[White "Habina, Martin"]
[Black "Straka, Vojtech1111"]
[Result "1/2-1/2"]
[WhiteElo "2012"]
[BlackElo "1987"]
[PlyCount "32"]
[EventDate "2021.10.17"]
[EventType "team-tourn"]
[EventRounds "11"]
[EventCountry "CZE"]
[SourceTitle "EXT 2024"]
[Source "ChessBase"]
[SourceDate "2023.10.10"]
[SourceVersion "1"]
[SourceVersionDate "2023.10.10"]
[SourceQuality "1"]
[WhiteTeam "Kurim"]
[BlackTeam "Brno Lokomotiva"]
[WhiteTeamCountry "CZE"]
[BlackTeamCountry "CZE"]

1. e4 c6 2. d4 d5 3. exd5 cxd5 4. c4 Nc6 5. cxd5 Qxd5 6. Be3 e5 7. Nc3 Bb4 8. dxe5 Qxe5 9. Rc1 Nge7 10. Nf3 Qh5 11. Be2 0-0 12. 0-0 Bxc3 13. Rxc3 Nd5 14. Rb3 Nxe3 15. Rxe3 Qg6 16. Qa4 Qf6 1/2-1/2

[Event "CZE-chT2E 2122"]
[Site "Czech Republic"]
[Date "2021.10.17"]
[Round "1.7"]
[White "Mouryc, Tomas"]
[Black "Habina, Martin"]
[Result "1/2-1/2"]
[WhiteElo "1947"]
[BlackElo "2012"]
[PlyCount "75"]
[EventDate "2021.10.17"]
[EventType "team-tourn"]
[EventRounds "11"]
[EventCountry "CZE"]
[SourceTitle "EXT 2024"]
[Source "ChessBase"]
[SourceDate "2023.10.10"]
[SourceVersion "1"]
[SourceVersionDate "2023.10.10"]
[SourceQuality "1"]
[WhiteTeam "Jihlava Gambit"]
[BlackTeam "Kurim"]
[WhiteTeamCountry "CZE"]
[BlackTeamCountry "CZE"]

1. d4 Nf6 2. Nf3 c5 3. g3 cxd4 4. Nxd4 d5 5. Bg2 e5 6. Nb3 h6 7. 0-0 Nc6 8. Nc3 Be6 9. e4 dxe4 10. Nxe4 Nxe4 11. Bxe4 Qxd1 12. Rxd1 f5 13. Bf3 g6 14. Be3 e4 15. Be2 b6 16. Nd4 Nxd4 17. Bxd4 Rh7 18. a4 Rd8 19. a5 Bc5 20. Bb5+ Bd7 21. Bxc5 bxc5 22. Bc4 Bc6 23. Kf1 Rhd7 24. Rxd7 Rxd7 25. Ke2 Ke7 26. Ra3 Rb7 27. b3 Rd7 28. c3 Rb7 29. a6 Rb8 30. Ra5 Kd6 31. Kd2 Bd7 32. Kc2 Rb6 33. Ra1 Be6 34. Bxe6 Kxe6 35. Ra4 Kd5 36. Ra5 Kd6 37. Ra4 Ke5 38. Ra5 1/2-1/2

[Event "CZE-chT2E 1920"]
[Site "Czech Republic"]
[Date "2019.12.15"]
[Round "5.7"]
[White "Hudacek, Josef"]
[Black "Habina, Martin"]
[Result "0-1"]
[WhiteElo "2092"]
[BlackElo "2026"]
[PlyCount "66"]
[EventDate "2019.10.13"]
[EventType "team-tourn"]
[EventRounds "11"]
[EventCountry "CZE"]
[SourceTitle "EXT 2024"]
[Source "ChessBase"]
[SourceDate "2023.10.10"]
[SourceVersion "1"]
[SourceVersionDate "2023.10.10"]
[SourceQuality "1"]
[WhiteTeam "Prusanky Podluzan"]
[BlackTeam "Kurim"]
[WhiteTeamCountry "CZE"]
[BlackTeamCountry "CZE"]

1. e4 c5 2. Ne2 Nc6 3. d3 e6 4. g3 Be7 5. Bg2 d5 6. Nd2 Nf6 7. 0-0 0-0 8. h3 b6 9. f4 Bb7 10. e5 Nd7 11. c3 Rc8 12. Nf3 f5 13. Kh2 Kh8 14. Be3 Qe8 15. g4 Ba6 16. Rg1 fxg4 17. hxg4 Qg6 18. f5 exf5 19. Nf4 Qh6+ 20. Bh3 Ndxe5 21. Nxe5 Nxe5 22. gxf5 Bd6 23. Kg2 Qh4 24. Ne6 d4 25. Bf4 Bb7+ 26. Kh2 Nf3+ 27. Qxf3 Bxf3 28. Bg3 Bg4 29. Ng5 Bxh3 30. Nxh3 Bxg3+ 31. Rxg3 Rxf5 32. Rag1 g6 33. Kg2 Re8 0-1

[Event "CZE-chT2E 1718"]
[Site "Czech Republic"]
[Date "2018.04.08"]
[Round "11.4"]
[White "Skacelik, Petr"]
[Black "Habina, Martin"]
[Result "1/2-1/2"]
[WhiteElo "2203"]
[BlackElo "1975"]
[PlyCount "58"]
[EventDate "2017.10.15"]
[EventType "team-tourn"]
[EventRounds "11"]
[EventCountry "CZE"]
[SourceTitle "EXT 2022"]
[Source "ChessBase"]
[SourceDate "2021.10.06"]
[SourceVersion "1"]
[SourceVersionDate "2021.10.06"]
[SourceQuality "1"]
[WhiteTeam "Brno Moravska Slavia II"]
[BlackTeam "Kurim"]
[WhiteTeamCountry "CZE"]
[BlackTeamCountry "CZE"]

1. d4 Nf6 2. c4 c5 3. d5 b5 4. cxb5 a6 5. f3 e6 6. e4 exd5 7. e5 Qe7 8. Qe2 Ng8 9. Nc3 Bb7 10. Nh3 d6 11. Nf4 dxe5 12. Nfxd5 Qd6 13. Bf4 Nd7 14. 0-0-0 Ngf6 15. Nxf6+ Qxf6 16. Be3 Be7 17. Qd2 Nb6 18. a4 Qe6 19. a5 Rd8 20. Qc2 Rxd1+ 21. Qxd1 Nc4 22. Bxc4 Qxc4 23. Qa4 axb5 24. Qxc4 bxc4 25. Kc2 Kd7 26. Ne4 Kc6 27. Ra1 Ra8 28. Kc3 Kb5 29. Nd2 Bf6 1/2-1/2

[Event "CZE-chT2E 1718"]
[Site "Czech Republic"]
[Date "2017.12.03"]
[Round "4.5"]
[White "Habina, Martin"]
[Black "Vrtal, Jaroslav"]
[Result "0-1"]
[WhiteElo "1975"]
[BlackElo "2028"]
[PlyCount "112"]
[EventDate "2017.10.15"]
[EventType "team-tourn"]
[EventRounds "11"]
[EventCountry "CZE"]
[SourceTitle "EXT 2022"]
[Source "ChessBase"]
[SourceDate "2021.10.06"]
[SourceVersion "1"]
[SourceVersionDate "2021.10.06"]
[SourceQuality "1"]
[WhiteTeam "Kurim"]
[BlackTeam "Prusanky Podluzan"]
[WhiteTeamCountry "CZE"]
[BlackTeamCountry "CZE"]

1. e4 c5 2. d4 cxd4 3. c3 d3 4. Bxd3 d6 5. c4 Nf6 6. Nc3 e6 7. Be3 Be7 8. f4 0-0 9. h3 Nc6 10. Nf3 b6 11. Rc1 Bb7 12. 0-0 Rc8 13. Bb1 a6 14. Qd2 Nd7 15. Rfd1 Ncb8 16. b3 Qc7 17. Ng5 h6 18. Nf3 Rfe8 19. Qf2 Bf6 20. Qc2 Nf8 21. Qf2 Nbd7 22. Bd4 e5 23. Be3 exf4 24. Bxf4 Ne5 25. Nd4 Bg5 26. Bxg5 hxg5 27. Nf5 Rcd8 28. Na4 g6 29. Ne3 Rc8 30. Nc3 Nfd7 31. Qg3 Qd8 32. Rxd6 b5 33. cxb5 axb5 34. Rdd1 Rc5 35. Ncd5 Kg7 36. Kh1 Rxc1 37. Rxc1 g4 38. Nxg4 Qg5 39. Qe3 Qh4 40. Nxe5 Nxe5 41. Qf4 Qd8 42. Nc7 Re7 43. Nxb5 Qd7 44. Nc3 Qd4 45. Rf1 Re8 46. Nd5 Bxd5 47. exd5 Qxd5 48. b4 f5 49. Rc1 Nf7 50. Qf3 Qd2 51. Qf1 Qxb4 52. Bc2 Ng5 53. Bb3 Re7 54. Qc4 Re1+ 55. Kh2 Qd6+ 56. g3 Qd2+ 0-1

[Event "CZE-chT2E 1718"]
[Site "Czech Republic"]
[Date "2017.11.05"]
[Round "2.5"]
[White "Habina, Martin"]
[Black "Fojtik, Tomas"]
[Result "1/2-1/2"]
[WhiteElo "1975"]
[BlackElo "2108"]
[PlyCount "95"]
[EventDate "2017.10.15"]
[EventType "team-tourn"]
[EventRounds "11"]
[EventCountry "CZE"]
[SourceTitle "EXT 2022"]
[Source "ChessBase"]
[SourceDate "2021.10.06"]
[SourceVersion "1"]
[SourceVersionDate "2021.10.06"]
[SourceQuality "1"]
[WhiteTeam "Kurim"]
[BlackTeam "Lipovec Garde"]
[WhiteTeamCountry "CZE"]
[BlackTeamCountry "CZE"]

1. e4 c5 2. d4 cxd4 3. c3 Nf6 4. e5 Nd5 5. Bc4 Nb6 6. Bb3 d5 7. cxd4 Nc6 8. Nc3 Bf5 9. Nf3 e6 10. Bg5 Be7 11. Bxe7 Qxe7 12. 0-0 a6 13. Rc1 0-0 14. Bc2 Bxc2 15. Qxc2 Rfc8 16. Rfd1 Rc7 17. Na4 Nxa4 18. Qxa4 Rac8 19. Rc3 Na7 20. Rdc1 Rxc3 21. Rxc3 Rxc3 22. bxc3 h6 23. Qb4 Qc7 24. a4 b5 25. h3 bxa4 26. Qxa4 Qc8 27. Nd2 Nb5 28. Nb1 Qb7 29. Qb4 Qc7 30. Qa4 Qc6 31. Kh2 g6 32. Qa5 Qc8 33. g3 Kg7 34. Kg2 Qb7 35. Na3 Na7 36. Nc2 Nc6 37. Qc5 a5 38. Na3 Qe7 39. Qxc6 Qxa3 40. Qc8 a4 41. Qe8 Qb3 42. Qe7 Qb6 43. h4 h5 44. Qa3 Qa7 45. Kf3 Qa5 46. Kg2 Kg8 47. Kg1 Qb5 48. Kg2 1/2-1/2

[Event "CZE-chT2E 1617"]
[Site "Czech Republic"]
[Date "2017.04.02"]
[Round "11.6"]
[White "Habina, Martin"]
[Black "Pekarkova, Eva"]
[Result "1/2-1/2"]
[WhiteElo "1992"]
[BlackElo "1925"]
[PlyCount "52"]
[EventDate "2016.09.10"]
[EventType "team-tourn"]
[EventRounds "11"]
[EventCountry "CZE"]
[SourceTitle "EXT 2022"]
[Source "ChessBase"]
[SourceDate "2021.10.06"]
[SourceVersion "1"]
[SourceVersionDate "2021.10.06"]
[SourceQuality "1"]
[WhiteTeam "Kurim"]
[BlackTeam "Jundrov Jezdci"]
[WhiteTeamCountry "CZE"]
[BlackTeamCountry "CZE"]

1. d4 Nf6 2. Bg5 Ne4 3. Bf4 d5 4. e3 e6 5. Nf3 c5 6. c3 Nc6 7. Bd3 Be7 8. 0-0 0-0 9. Nbd2 f5 10. Ne5 Nxe5 11. Bxe5 Nxd2 12. Qxd2 c4 13. Bc2 g5 14. f3 Bd7 15. Rae1 Be8 16. e4 Bg6 17. exd5 exd5 18. f4 gxf4 19. Bxf4 Qd7 20. Re3 Rae8 21. Rfe1 Bf6 22. Qf2 Rxe3 23. Rxe3 Re8 24. Be5 Bxe5 25. Rxe5 Rxe5 26. dxe5 Qe6 1/2-1/2

[Event "CZE-chT2E 1617"]
[Site "Czech Republic"]
[Date "2017.03.19"]
[Round "10.6"]
[White "Juricek, Stanislav"]
[Black "Habina, Martin"]
[Result "1/2-1/2"]
[WhiteElo "2058"]
[BlackElo "1992"]
[PlyCount "60"]
[EventDate "2016.09.10"]
[EventType "team-tourn"]
[EventRounds "11"]
[EventCountry "CZE"]
[SourceTitle "EXT 2022"]
[Source "ChessBase"]
[SourceDate "2021.10.06"]
[SourceVersion "1"]
[SourceVersionDate "2021.10.06"]
[SourceQuality "1"]
[WhiteTeam "Vsetin"]
[BlackTeam "Kurim"]
[WhiteTeamCountry "CZE"]
[BlackTeamCountry "CZE"]

1. e4 e5 2. Nf3 Nc6 3. Bb5 a6 4. Bxc6 dxc6 5. 0-0 Qd6 6. d4 f6 7. Be3 Bd7 8. c3 Ne7 9. Nbd2 Ng6 10. Re1 0-0-0 11. Qc2 Qe6 12. c4 h5 13. Qc3 h4 14. h3 Qe7 15. dxe5 Nxe5 16. Nxe5 Qxe5 17. Qxe5 fxe5 18. Nf3 Re8 19. Bg5 Be7 20. Bxe7 Rxe7 21. c5 g5 22. Rad1 g4 23. hxg4 Bxg4 24. Rd3 h3 25. Nh2 hxg2 26. Ree3 Be6 27. Kxg2 Rg7+ 28. Rg3 Rxg3+ 29. Rxg3 Bxa2 30. Rg5 Rd8 1/2-1/2

[Event "Kouty nad Desnou op-A"]
[Site "Kouty nad Desnou"]
[Date "2017.03.17"]
[Round "8"]
[White "Hlozek, David"]
[Black "Habina, Martin"]
[Result "0-1"]
[WhiteElo "1788"]
[BlackElo "1967"]
[PlyCount "59"]
[EventDate "2017.03.11"]
[EventType "swiss"]
[EventRounds "9"]
[EventCountry "CZE"]
[SourceTitle "CBM 177 Extra"]
[Source "ChessBase"]
[SourceDate "2017.04.27"]
[SourceVersion "1"]
[SourceVersionDate "2017.04.27"]
[SourceQuality "1"]

1. e4 c5 2. Nf3 Nc6 3. d4 cxd4 4. Nxd4 Nf6 5. Nc3 e5 6. Ndb5 d6 7. Bg5 a6 8. Na3 b5 9. Nd5 Be7 10. Bxf6 Bxf6 11. c3 0-0 12. Be2 Bg5 13. 0-0 g6 14. Nc2 Bh6 15. a4 bxa4 16. Rxa4 a5 17. b4 f5 18. f3 Be6 19. bxa5 Rxa5 20. Ncb4 Rxa4 21. Qxa4 Ne7 22. c4 Nxd5 23. cxd5 Bd7 24. Nc6 Be3+ 25. Kh1 Qh4 26. g3 Qg5 27. exf5 Bxf5 28. Qb4 Bc5 29. Qb7 Re8 30. Qb5 0-1

[Event "Kouty nad Desnou op-A"]
[Site "Kouty nad Desnou"]
[Date "2017.03.13"]
[Round "3"]
[White "Habina, Martin"]
[Black "Anaskin, Arsenij"]
[Result "1/2-1/2"]
[WhiteElo "1967"]
[BlackElo "2141"]
[PlyCount "88"]
[EventDate "2017.03.11"]
[EventType "swiss"]
[EventRounds "9"]
[EventCountry "CZE"]
[SourceTitle "CBM 177 Extra"]
[Source "ChessBase"]
[SourceDate "2017.04.27"]
[SourceVersion "1"]
[SourceVersionDate "2017.04.27"]
[SourceQuality "1"]

1. d4 d6 2. e4 Nf6 3. Nc3 Nbd7 4. f4 e5 5. Nf3 exd4 6. Qxd4 c6 7. Be2 d5 8. Ne5 Bc5 9. Qd3 0-0 10. exd5 cxd5 11. h3 Re8 12. Nf3 Qe7 13. Nd4 Ne4 14. Nxe4 dxe4 15. Qe3 Nb6 16. c3 Bd7 17. 0-0 Rad8 18. f5 Qf6 19. Qg5 Be7 20. Qg3 h6 21. Kh1 Bd6 22. Bf4 Be5 23. Bxe5 Rxe5 24. Qf2 Nd5 25. Rae1 a6 26. Bc4 Ne7 27. g4 Nc6 28. Nc2 b5 29. Bb3 Na5 30. Re3 Bc8 31. Qe2 Bb7 32. Rd1 Rd3 33. Nd4 Qg5 34. Re1 Nc4 35. Bxc4 bxc4 36. Qf2 h5 37. Qg3 f6 38. Ne6 h4 39. Nxg5 hxg3 40. Ne6 Rd2 41. R1e2 Rxe2 42. Rxe2 g6 43. Nd4 e3+ 44. Kg1 Kg7 1/2-1/2

[Event "CZE-chT2E 1617"]
[Site "Czech Republic"]
[Date "2017.01.15"]
[Round "6.5"]
[White "Kopriva, Oldrich"]
[Black "Habina, Martin"]
[Result "1-0"]
[WhiteElo "2084"]
[BlackElo "1992"]
[PlyCount "75"]
[EventDate "2016.09.10"]
[EventType "team-tourn"]
[EventRounds "11"]
[EventCountry "CZE"]
[SourceTitle "EXT 2022"]
[Source "ChessBase"]
[SourceDate "2021.10.06"]
[SourceVersion "1"]
[SourceVersionDate "2021.10.06"]
[SourceQuality "1"]
[WhiteTeam "Lipovec Garde"]
[BlackTeam "Kurim"]
[WhiteTeamCountry "CZE"]
[BlackTeamCountry "CZE"]

1. Nf3 d5 2. g3 Nf6 3. Bg2 c5 4. 0-0 Nc6 5. d4 e6 6. c4 dxc4 7. Ne5 Nxd4 8. e3 Nd7 9. exd4 Nxe5 10. dxe5 Qa5 11. Qc2 Be7 12. Na3 0-0 13. Nxc4 Qc7 14. Be3 Rb8 15. a4 b6 16. Rfd1 Ba6 17. f4 Bb7 18. b3 g6 19. Rd3 Rfd8 20. Rad1 Rxd3 21. Rxd3 Bxg2 22. Qxg2 Rd8 23. Qd2 Rxd3 24. Qxd3 Qc6 25. Nd2 Kg7 26. g4 Qc8 27. g5 Qc6 28. Ne4 Qb7 29. Bf2 Qc6 30. Nf6 Bf8 31. h4 c4 32. Qxc4 Qf3 33. Qe4 Qd1+ 34. Kg2 h5 35. gxh6+ Kxh6 36. h5 Bg7 37. hxg6 fxg6 38. Qf3 1-0

[Event "CZE-chT2E 1617"]
[Site "Czech Republic"]
[Date "2016.12.11"]
[Round "5.6"]
[White "Hudacek, Josef"]
[Black "Habina, Martin"]
[Result "1-0"]
[WhiteElo "2037"]
[BlackElo "1992"]
[PlyCount "81"]
[EventDate "2016.09.10"]
[EventType "team-tourn"]
[EventRounds "11"]
[EventCountry "CZE"]
[SourceTitle "EXT 2022"]
[Source "ChessBase"]
[SourceDate "2021.10.06"]
[SourceVersion "1"]
[SourceVersionDate "2021.10.06"]
[SourceQuality "1"]
[WhiteTeam "Prusanky Podluzan"]
[BlackTeam "Kurim"]
[WhiteTeamCountry "CZE"]
[BlackTeamCountry "CZE"]

1. e4 d6 2. d4 Nf6 3. Bd3 e5 4. c3 d5 5. dxe5 Nxe4 6. Bxe4 dxe4 7. Qa4+ Bd7 8. Qxe4 Bc6 9. Qg4 h5 10. Qh3 Nd7 11. Nf3 Bxf3 12. Qxf3 Nxe5 13. Qe2 Qe7 14. 0-0 0-0-0 15. Na3 Nd3 16. Be3 Qe4 17. Nb5 Bc5 18. b4 Bb6 19. Qf3 Qxf3 20. gxf3 Ne5 21. Kg2 Rhe8 22. Bxb6 axb6 23. Rad1 Rxd1 24. Rxd1 Rd8 25. Na7+ Kb8 26. Rxd8+ Kxa7 27. f4 Ng6 28. Kg3 Ne7 29. Rd7 Nf5+ 30. Kf3 c6 31. Rxf7 g6 32. Rf8 b5 33. Ke4 Ne7 34. Rf7 Nd5 35. Kd4 Kb6 36. f5 g5 37. Rd7 Nf6 38. Rd6 Ne8 39. Rg6 g4 40. f6 Nd6 41. Ke5 1-0

[Event "CZE-chT2E 1516"]
[Site "Czech Republic"]
[Date "2015.12.06"]
[Round "4.6"]
[White "Belohlavek, Petr"]
[Black "Habina, Martin"]
[Result "0-1"]
[WhiteElo "2097"]
[BlackElo "1994"]
[PlyCount "82"]
[EventDate "2015.10.18"]
[EventType "team-tourn"]
[EventRounds "11"]
[EventCountry "CZE"]
[SourceTitle "EXT 2022"]
[Source "ChessBase"]
[SourceDate "2021.10.06"]
[SourceVersion "1"]
[SourceVersionDate "2021.10.06"]
[SourceQuality "1"]
[WhiteTeam "Dalesice Pivovar"]
[BlackTeam "Kurim"]
[WhiteTeamCountry "CZE"]
[BlackTeamCountry "CZE"]

1. e4 e5 2. Nf3 Nc6 3. Bb5 a6 4. Ba4 Nf6 5. 0-0 Be7 6. Re1 b5 7. Bb3 0-0 8. h3 Bb7 9. c3 d5 10. exd5 Nxd5 11. d3 Bf6 12. Bc2 Qd7 13. Nbd2 Rfe8 14. Ne4 Be7 15. Ng3 Bd6 16. Bb3 Na5 17. Bc2 f5 18. Bd2 Nf6 19. c4 Nc6 20. cxb5 axb5 21. Bb3+ Kh8 22. Bg5 Na5 23. Nh4 Nxb3 24. Qxb3 Bd5 25. Qd1 f4 26. Ngf5 Bb4 27. Rf1 Qe6 28. a3 Ba5 29. Bxf6 gxf6 30. Nh6 Rf8 31. N4f5 Qe8 32. Qg4 Qg6 33. Ne7 Qxh6 34. Nxd5 Rad8 35. Qe6 Rd6 36. Qe7 Rxd5 37. Rac1 Qg7 38. Qxg7+ Kxg7 39. d4 Rxd4 40. Rc5 Rb8 41. b4 Bb6 0-1

[Event "Brno op"]
[Site "Brno"]
[Date "2015.08.30"]
[Round "9"]
[White "Habina, Martin"]
[Black "Novosadova, Kristyna"]
[Result "1/2-1/2"]
[WhiteElo "2010"]
[BlackElo "2226"]
[PlyCount "33"]
[EventDate "2015.08.23"]
[EventType "swiss"]
[EventRounds "9"]
[EventCountry "CZE"]
[SourceTitle "EXT 2016"]
[Source "ChessBase"]
[SourceDate "2015.10.08"]
[SourceVersion "1"]
[SourceVersionDate "2015.10.08"]
[SourceQuality "1"]

1. e4 e5 2. Nf3 Nc6 3. d4 exd4 4. c3 d5 5. exd5 Qxd5 6. cxd4 Bb4+ 7. Nc3 Bg4 8. Be2 0-0-0 9. 0-0 Qd7 10. Qa4 Nf6 11. Bg5 Bd6 12. Bxf6 gxf6 13. d5 Bxf3 14. Bxf3 Ne5 15. Qxd7+ Rxd7 16. Be4 Re7 17. Bf5+ 1/2-1/2

[Event "Brno op"]
[Site "Brno"]
[Date "2015.08.26"]
[Round "5"]
[White "Habina, Martin"]
[Black "Zeman, Radek"]
[Result "1-0"]
[WhiteElo "2010"]
[BlackElo "1866"]
[PlyCount "107"]
[EventDate "2015.08.23"]
[EventType "swiss"]
[EventRounds "9"]
[EventCountry "CZE"]
[SourceTitle "EXT 2016"]
[Source "ChessBase"]
[SourceDate "2015.10.08"]
[SourceVersion "1"]
[SourceVersionDate "2015.10.08"]
[SourceQuality "1"]

1. e4 c5 2. Nc3 Nc6 3. f4 g6 4. Nf3 Bg7 5. Bc4 e6 6. 0-0 Nge7 7. Qe1 0-0 8. Qh4 d5 9. Bb5 a6 10. Bxc6 Nxc6 11. Qxd8 Rxd8 12. e5 b5 13. d3 Bb7 14. Bd2 Bf8 15. Ne2 Rac8 16. g4 d4 17. Ng5 c4 18. Ng3 Nb4 19. Bxb4 Bxb4 20. Rf2 cxd3 21. cxd3 Be7 22. N5e4 Rc7 23. g5 Rdc8 24. Nf6+ Bxf6 25. gxf6 b4 26. Ne2 Rd7 27. Rc1 a5 28. Rxc8+ Bxc8 29. Nc1 Rc7 30. Nb3 Ba6 31. Rd2 a4 32. Nxd4 Rd7 33. Nc6 b3 34. axb3 axb3 35. Kf2 Bb7 36. Ne7+ Kf8 37. Ke3 Rc7 38. d4 Rc1 39. Rd3 Rg1 40. d5 exd5 41. Rxb3 d4+ 42. Kxd4 Rd1+ 43. Kc5 Rd7 44. Rb6 Ke8 45. Rd6 Be4 46. Rxd7 Kxd7 47. b4 Ke6 48. h4 h6 49. Kd4 Bb7 50. b5 g5 51. fxg5 hxg5 52. hxg5 Bc6 53. b6 Bb7 54. g6 1-0

[Event "Brno op"]
[Site "Brno"]
[Date "2015.08.25"]
[Round "4"]
[White "Zikan, Karel"]
[Black "Habina, Martin"]
[Result "0-1"]
[WhiteElo "1735"]
[BlackElo "2010"]
[PlyCount "44"]
[EventDate "2015.08.23"]
[EventType "swiss"]
[EventRounds "9"]
[EventCountry "CZE"]
[SourceTitle "EXT 2016"]
[Source "ChessBase"]
[SourceDate "2015.10.08"]
[SourceVersion "1"]
[SourceVersionDate "2015.10.08"]
[SourceQuality "1"]

1. Nf3 Nf6 2. d4 c5 3. g3 e6 4. Bg2 cxd4 5. Nxd4 Nc6 6. Nxc6 bxc6 7. 0-0 Be7 8. c4 d5 9. cxd5 exd5 10. b3 0-0 11. Bb2 Re8 12. Nc3 Bf5 13. Rc1 Rc8 14. Na4 Ne4 15. Bd4 Ba3 16. Bb2 Bxb2 17. Nxb2 Qf6 18. Na4 h5 19. Nc5 Nc3 20. Qd2 Nxe2+ 21. Kh1 Nxc1 22. Rxc1 Rc7 0-1

[Event "Brno op"]
[Site "Brno"]
[Date "2015.08.23"]
[Round "2"]
[White "Popper, Tomas"]
[Black "Habina, Martin"]
[Result "1-0"]
[WhiteElo "2034"]
[BlackElo "2010"]
[PlyCount "66"]
[EventDate "2015.08.23"]
[EventType "swiss"]
[EventRounds "9"]
[EventCountry "CZE"]
[SourceTitle "EXT 2016"]
[Source "ChessBase"]
[SourceDate "2015.10.08"]
[SourceVersion "1"]
[SourceVersionDate "2015.10.08"]
[SourceQuality "1"]

1. Nf3 c5 2. b3 Nf6 3. Bb2 d5 4. e3 e6 5. Be2 Be7 6. 0-0 Nc6 7. d4 b6 8. Nbd2 0-0 9. Rc1 cxd4 10. Nxd4 Nxd4 11. Bxd4 Ba3 12. Rb1 Qe7 13. f4 Bb7 14. c3 Bd6 15. Nf3 Rac8 16. Bd3 Ne4 17. Bxe4 dxe4 18. Nd2 f6 19. c4 e5 20. fxe5 Bxe5 21. Bxe5 Qxe5 22. Qc2 Rcd8 23. Rfe1 Rd3 24. Nf1 Rfd8 25. Rbc1 Qc5 26. Qb2 Qb4 27. Qf2 Qd6 28. Qb2 a5 29. c5 bxc5 30. Qa3 Rd5 31. Qxa5 Ra8 32. Qb5 Ba6 33. Qa4 Re8 1-0

[Event "Pobeskydy op"]
[Site "Frydek Mistek"]
[Date "2014.04.19"]
[Round "6"]
[White "Habina, Martin"]
[Black "Kraus, Tomas"]
[Result "0-1"]
[WhiteElo "2073"]
[BlackElo "2326"]
[PlyCount "54"]
[EventDate "2014.04.17"]
[EventType "swiss"]
[EventRounds "9"]
[EventCountry "CZE"]
[SourceTitle "CBM 159 Extra"]
[Source "ChessBase"]
[SourceDate "2014.04.24"]
[SourceVersion "1"]
[SourceVersionDate "2014.04.24"]
[SourceQuality "1"]

1. e4 d6 2. d4 Nf6 3. Nc3 Nbd7 4. f4 e5 5. Nf3 exd4 6. Qxd4 Be7 7. Be3 0-0 8. h3 a6 9. g4 c5 10. Qd2 b5 11. 0-0-0 Bb7 12. Bg2 Nxe4 13. Nxe4 Bxe4 14. g5 Re8 15. f5 Bxf5 16. Nh4 Be6 17. Bxa8 Qxa8 18. Qf2 d5 19. Nf5 Bf8 20. Rhg1 Qc6 21. Rdf1 Bxf5 22. Qxf5 Re7 23. h4 g6 24. Qh3 d4 25. Bd2 c4 26. Bb4 Re2 27. Bxf8 Qe4 0-1

[Event "CZE-chT2E 1213"]
[Site "Czech Republic"]
[Date "2013.02.17"]
[Round "9.4"]
[White "Habina, Martin"]
[Black "Blaha, Petr"]
[Result "1-0"]
[WhiteElo "2049"]
[BlackElo "2075"]
[PlyCount "56"]
[EventDate "2012.10.14"]
[EventType "team-tourn"]
[EventRounds "11"]
[EventCountry "CZE"]
[SourceTitle "EXT 2016"]
[Source "ChessBase"]
[SourceDate "2015.10.08"]
[SourceVersion "1"]
[SourceVersionDate "2015.10.08"]
[SourceQuality "1"]
[WhiteTeam "Kurim"]
[BlackTeam "Stare Mesto III"]
[WhiteTeamCountry "CZE"]
[BlackTeamCountry "CZE"]

1. e4 e5 2. Nf3 Nf6 3. Nxe5 d6 4. Nxf7 Kxf7 5. d4 c5 6. Nc3 cxd4 7. Bc4+ Be6 8. Bxe6+ Kxe6 9. Qxd4 Qc8 10. 0-0 Be7 11. Re1 Nbd7 12. Nd5 Rb8 13. Bf4 Qc5 14. Qd3 Ne5 15. Qh3+ Kf7 16. Rad1 Rbd8 17. Qb3 Qc4 18. Qxb7 Rd7 19. Qb3 Qxb3 20. axb3 Rc8 21. c3 Rb7 22. b4 a5 23. bxa5 Rxb2 24. Ra1 Nxd5 25. Bxe5 Rxc3 26. exd5 dxe5 27. Rxe5 Ra2 28. Rd1 Rxa5 1-0

[Event "CZE-chT2E 1213"]
[Site "Czech Republic"]
[Date "2013.01.20"]
[Round "7.4"]
[White "Habina, Martin"]
[Black "Rehurek, Lukas"]
[Result "1/2-1/2"]
[WhiteElo "2049"]
[BlackElo "2163"]
[PlyCount "64"]
[EventDate "2012.10.14"]
[EventType "team-tourn"]
[EventRounds "11"]
[EventCountry "CZE"]
[SourceTitle "EXT 2016"]
[Source "ChessBase"]
[SourceDate "2015.10.08"]
[SourceVersion "1"]
[SourceVersionDate "2015.10.08"]
[SourceQuality "1"]
[WhiteTeam "Kurim"]
[BlackTeam "Brno Moravska Slavia"]
[WhiteTeamCountry "CZE"]
[BlackTeamCountry "CZE"]

1. d4 Nf6 2. Bg5 Ne4 3. Bf4 c5 4. f3 Qa5+ 5. c3 Nf6 6. d5 Qb6 7. b3 g6 8. e4 Bg7 9. Bd3 0-0 10. Ne2 d6 11. Nd2 Nbd7 12. Nc4 Qc7 13. a4 b6 14. 0-0 Ba6 15. Qd2 Bxc4 16. Bxc4 a6 17. Ng3 Qb7 18. Bd3 b5 19. Rab1 Rfb8 20. c4 bxa4 21. bxa4 Qc7 22. a5 Rxb1 23. Rxb1 Rb8 24. Rxb8+ Qxb8 25. Qa2 Ne8 26. Bd2 Qb2 27. Qxb2 Bxb2 28. f4 Nc7 29. Ne2 e5 30. g3 Kf8 31. Kf2 Ke7 32. Kf3 f6 1/2-1/2